[Event "Grand Slam Final 1st"]
[Site "Bilbao"]
[Date "2008.09.13"]
[Round "10"]
[White "Carlsen, Magnus"]
[Black "Anand, Viswanathan"]
[Result "1/2-1/2"]
[WhiteElo "2775"]
[BlackElo "2798"]
[PlyCount "57"]
[EventDate "2008.09.02"]
[EventType "tourn"]
[EventRounds "10"]
[EventCountry "ESP"]
[EventCategory "21"]
[SourceTitle "CBM 126"]
[Source "ChessBase"]
[SourceDate "2008.10.01"]
[SourceVersion "1"]
[SourceVersionDate "2008.10.01"]
[SourceQuality "1"]

1. d4 d5 2. c4 c6 3. Nf3 Nf6 4. cxd5 cxd5 5. Nc3 Nc6 6. Bf4 a6 7. Rc1 Bf5 8. Ne5 Rc8 9. f3 ({RR} 9. e3 e6 10. Qb3 Nxe5 11. Bxe5 Qd7 12. Be2 Be7 13. O-O O-O 14. Na4 Rxc1 15. Rxc1 Rc8 16. Rxc8+ Qxc8 17. Nc5 Bxc5 18. dxc5 Nd7 19. Bd6 Qc6 20. Qc3 f6 21. h3 e5 22. b4 Be6 23. Qb3 b5 {Jakovenko,D (2736)-Karjakin,S (2723) Moscow 2009 1-0 (36)}) ({RR} 9. Qa4 Bd7 10. Nxd7 Qxd7 11. e3 e6 12. Be2 Bd6 13. Bg5 h6 14. Bxf6 gxf6 15. e4 dxe4 16. Nxe4 Bb4+ 17. Nc3 Qxd4 18. Qb3 O-O 19. O-O Qe5 20. Bf3 Bxc3 21. Rxc3 Na5 22. Qb4 Rxc3 23. bxc3 f5 {Zhao Xue (2442)-Shen Yang (2389) Shenzhen CHN 2025 ½-½ (85)}) 9... g6 10. g4 Be6 11. e3 $146 ({RR} 11. h4 h6 12. e3 Bg7 13. Bd3 Nd7 14. Nxc6 Rxc6 15. Ne2 Qa5+ 16. Kf2 O-O 17. Rxc6 bxc6 18. a3 c5 19. b4 cxb4 20. axb4 Qxb4 21. Qc2 Qa3 22. Rb1 Nf6 23. Rb6 Qa1 24. Kg2 Rc8 25. Qd2 Qa4 {Sargissian,G (2667)-Bacrot,E (2705) Germany 2006 0-1 (64)}) ({RR} 11. h4 h6 12. e3 Bg7 13. Nd3 Nd7 14. Na4 O-O 15. a3 Na5 16. Ndc5 Nxc5 17. Nxc5 Qb6 18. b3 Rfd8 19. Bd3 Rc6 20. O-O Bc8 21. Qc2 e5 22. dxe5 Qa7 23. b4 b6 24. Qa4 Qa8 25. e4 d4 {Melkumyan,H (2519)-Volkov,S (2627) Moscow 2009 1-0 (70)}) 11... Bg7 12. h4 h5 13. g5 Nd7 14. Nxc6 Rxc6 15. Bd3 O-O 16. Kf2 Nb6 17. b3 Qd7 18. Qd2 Bf5 19. Bxf5 Qxf5 20. Ne2 Rfc8 21. Rxc6 Rxc6 22. Rc1 Nd7 23. Kg2 e5 24. Rxc6 bxc6 25. dxe5 Nxe5 26. Nd4 Qc8 27. Ne2 Qf5 28. Nd4 Qc8 29. Ne2 1/2-1/2

[Event "Bundesliga 0809"]
[Site "Germany"]
[Date "2008.12.13"]
[Round "8.1"]
[White "Maiwald, Jens Uwe"]
[Black "Carlsen, Magnus"]
[Result "0-1"]
[WhiteElo "2508"]
[BlackElo "2786"]
[PlyCount "76"]
[EventDate "2008.10.03"]
[EventType "team-tourn"]
[EventRounds "15"]
[EventCountry "GER"]
[SourceTitle "CBM 127 Extra"]
[Source "ChessBase"]
[SourceDate "2009.01.08"]
[SourceVersion "2"]
[SourceVersionDate "2009.01.28"]
[SourceQuality "1"]
[WhiteTeam "Dresden"]
[BlackTeam "Baden-Baden"]
[WhiteTeamCountry "GER"]
[BlackTeamCountry "GER"]

1. d4 {Postny,Evgeny Marin,Mihail} e6 2. c4 Bb4+ 3. Bd2 Bxd2+ 4. Qxd2 f5 ({RR} 4... Nf6) 5. g3 Nf6 6. Bg2 O-O 7. Nf3 d6 8. O-O Qe7 9. Nc3 c6 ({RR} 9... Nc6 10. Rfe1 e5 11. Nd5 Qd8 12. dxe5 dxe5 13. Rad1 e4 14. Ng5) ({RR} 9... e5 10. dxe5 dxe5 11. Nd5 Qd6 12. Nxf6+ Rxf6 13. Qxd6 cxd6 14. Rfd1) 10. Rad1 ({RR} 10. Rfe1 d5 11. e3 ({RR} 11. Qc2 Ne4 ({RR} 11... Nbd7) 12. Rab1 ({RR} 12. e3 Bd7 13. Ne2 Be8 14. Nf4 Nd7 15. Nd3 Ndf6 16. Nfe5) 12... Nd7 13. b4 Nd6 14. cxd5 ({RR} 14. c5) 14... cxd5 15. Ne5 Kh8 ({RR} 15... Nxe5 16. dxe5 Nc4 17. Nxd5) 16. f4 ({RR} 16. Bxd5 exd5 17. Nxd5 Qd8 18. Nc7 Nb6 19. Nxa8 Nxa8) 16... Nxe5 17. dxe5 Nc4 18. Qd3 Bd7 19. e4 fxe4 20. Nxe4 Be8 21. Nc5 Bg6 22. Be4 b6 ({RR} 22... Nxe5 23. fxe5 dxe4) 23. Bxg6 bxc5 24. Bxh7 g5) 11... Nbd7 12. b3 ({RR} 12. Qc2 dxc4 ({RR} 12... b6 13. cxd5 cxd5 14. Rac1 Bb7 15. Qa4 a6 16. Ne2 Rfc8 17. Nf4 Ne4 18. Nd3 g5 19. Nfe5 Ndf6 20. Qb3 Qd6 21. Red1 g4 22. Nf4) 13. e4 ({RR} 13. Nd2 Nb6 14. Bf1 e5 15. Nxc4 Nxc4 16. Bxc4+ Be6 17. Bxe6+ Qxe6 18. dxe5 Qxe5 19. Qb3+ Rf7 20. Rad1 Re8) 13... f4 14. Ne2 ({RR} 14. gxf4 Nh5) 14... fxg3 15. hxg3 b5 16. b3 Ba6 17. bxc4 bxc4 18. Nf4 e5 19. dxe5 Nxe5 20. Nxe5 Qxe5 21. Bf1 Kh8 22. Bxc4 Bxc4 23. Qxc4 Ng4 24. Qxc6 Nxf2 25. Kxf2 g5 26. Qd5 Qg7) ({RR} 12. Qe2 Ne4) 12... b6 13. Ne2 Bb7 14. Nf4 dxc4 ({RR} 14... Ne4 15. Qb2 c5) 15. bxc4 c5 16. Ng5 Bxg2 17. Kxg2 e5 18. Nfe6 ({RR} 18. dxe5 Nxe5) 18... Ne4 19. Nxe4 Qxe6 20. Ng5 ({RR} 20. d5 Qh6 21. Nc3 e4 22. Ne2 Ne5 23. Qc3 Rae8 24. Nf4 g5 25. Ne6 Rxe6 26. dxe6 Qxe6) 20... Qxc4 21. dxc5 ({RR} 21. dxe5 Nxe5 22. Rac1 Rad8) 21... Nxc5 22. Rec1 Qd3 23. Qxd3 Nxd3 24. Rc7 h6 {Giri,A (2690)-Carlsen,M (2815) Monte Carlo 2011 CBM 142 [Marin,Mihail] 0-1 (70)}) ({RR} 10. Rae1 d5 11. Ne5 Nbd7 12. f4 Ne4 13. Nxe4 dxe4 14. Nxd7 Bxd7 15. c5 Be8 16. e3 Bh5 17. h3 Rad8 18. Qf2 g5 19. fxg5 Qxg5 ({RR} 19... e5 20. dxe5 Qxc5) 20. Qf4 Qg7 21. Rf2 Bg6 22. Ref1 Rfe8 23. Qg5 Qe7 24. Qxe7 Rxe7) ({RR} 10. Rfe1 e5 11. c5 e4 12. cxd6 Qxd6 13. Ne5 Be6 14. f4 c5 15. e3 Rd8 16. Red1 Nc6 17. Qe1 Qe7 18. Ne2 Nb4 19. Qc3 c4 20. Qd2 Rac8 21. Nc3 a6 22. Qe2 Nd3 23. g4 b5 24. a3 Nxe5 {Karthik,A (2124)-Cordova,E (2563) Charlotte USA 2024 0-1 (41)}) ({RR} 10. Rfe1 d5 11. e3 Nbd7 12. b3 b6 13. Ne2 Bb7 14. Nf4 dxc4 15. bxc4 c5 16. Ng5 Bxg2 17. Kxg2 e5) 10... d5 11. Qc2 Nbd7 12. Rfe1 $146 ({RR} 12. b3 b6 13. cxd5 cxd5 14. Qb2 Ba6 15. Rd2 Rac8 16. Rc1 Rc7 17. Rdc2 Rfc8 18. Nd1 Qd6 19. e3 h6 20. h3 Ne4 21. Rxc7 Rxc7 22. Rxc7 Qxc7 23. Nd2 Ndf6 24. Nxe4 Nxe4 25. Bxe4 fxe4 26. Nc3 Bd3 {Haik,A (2475)-Ivkov,B (2525) Cannes 1986 ½-½ (41)}) ({RR} 12. b3 b6 13. cxd5 cxd5 14. Qb2 Ba6 15. Rd2 Rac8 16. Rc1 Rc7 17. Rdc2 Rfc8 18. Nd1 Qd6) ({RR} 12. cxd5 cxd5 ({RR} 12... exd5 13. Qxf5 ({RR} 13. e3) 13... Ne4 14. Qh5 ({RR} 14. Nxd5 cxd5 15. Qxd5+ Kh8) 14... Ndf6 15. Qe5 Qb4 16. Nxe4 Nxe4 17. Ng5 Rf5 18. Qe8+ Rf8) 13. Rc1 Ne4 ({RR} 13... Nb6 14. b3 Bd7) 14. Qb3 a6 ({RR} 14... Rb8) 15. e3 ({RR} 15. Nxe4 fxe4 16. Nd2 Nb8 17. f3 exf3 18. Rxf3) 15... Rb8 16. Ne2 Ndf6 17. Qb6 Bd7 18. Nf4 ({RR} 18. Ne5 Bb5 19. Rfe1 Rfe8) ({RR} 18. Rc7 Qd6 19. Qxd6 Nxd6 20. Rfc1 Kf7 21. Ne5+ Ke7) 18... g5 ({RR} 18... Bb5 19. Rfd1 Rfc8 20. Qxe6+ ({RR} 20. Ne5) 20... Qxe6 21. Nxe6 Ng4 22. Nf4 Nexf2 23. Re1 Nd3 24. Nxd3 Bxd3 25. h3 Nf6 26. Ne5 Be4) 19. Nd3 Bb5 20. Nfe5 Qd6 ({RR} 20... Rbc8) 21. Qc7 Bc4 22. Qa5 b6 23. Qe1 ({RR} 23. Qa4 Bb5 24. Qd1) 23... Bxd3 24. Nxd3 g4 25. Ne5 ({RR} 25. Rc2) 25... Rfc8 26. Qe2 b5 {Postny,E (2601)-McShane,L (2688) Netanya 2019 CBM 191 [Postny,Evgeny] 1-0 (88)} ({RR} 26... a5 27. h3 h5 28. hxg4 hxg4 29. Bxe4 Nxe4 30. Kg2)) 12... Ne4 ({RR} 12... dxc4 13. e4 f4 14. Ne2) 13. e3 Nd6 14. c5 Nf7 15. b4 e5 16. dxe5 Nfxe5 17. Nd4 Nf6 18. Na4 Kh8 19. Qb3 Bd7 20. a3 Rae8 21. Nb2 g5 22. f4 Ng6 23. Nd3 gxf4 24. exf4 Ne4 25. Nf3 Qf6 26. Nde5 Nxe5 27. Nxe5 Bc8 28. Qe3 h5 29. Qd4 Kh7 30. Re3 h4 31. gxh4 Rg8 32. Nf3 Qxd4 33. Rxd4 Rg4 34. Ng5+ Kg6 35. Nh3 Kf6 36. Rf3 Reg8 37. Ng5 Rxh4 38. h3 Rh5 0-1

[Event "Bundesliga 0809"]
[Site "Germany"]
[Date "2008.12.14"]
[Round "9.1"]
[White "Carlsen, Magnus"]
[Black "Socko, Bartosz"]
[Result "0-1"]
[WhiteElo "2786"]
[BlackElo "2631"]
[PlyCount "182"]
[EventDate "2008.10.03"]
[EventType "team-tourn"]
[EventRounds "15"]
[EventCountry "GER"]
[SourceTitle "CBM 127 Extra"]
[Source "ChessBase"]
[SourceDate "2009.01.08"]
[SourceVersion "2"]
[SourceVersionDate "2009.01.28"]
[SourceQuality "1"]
[WhiteTeam "Baden-Baden"]
[BlackTeam "Kreuzberg"]
[WhiteTeamCountry "GER"]
[BlackTeamCountry "GER"]

1. d4 Nf6 2. c4 g6 3. Nc3 Bg7 4. e4 d6 5. Nf3 O-O 6. Be2 e5 7. O-O Nc6 8. d5 Ne7 9. b4 a5 10. bxa5 Rxa5 11. a4 b6 12. Bd2 ({RR} 12. Nd2 Ra8 13. Nb3 Kh8 14. Be3 Nfg8 15. a5 bxa5 16. c5 f5 17. f3 f4 18. Bf2 g5 19. Nxa5 Nf6 20. cxd6 cxd6 21. Nc6 Rxa1 22. Qxa1 Qe8 23. Qa8 g4 24. Rb1 g3 25. hxg3 fxg3 26. Bxg3 Qg6 {Drygalov,S (2547)-Firouzja,A (2759) chess.com INT 2024 0-1 (46)}) 12... Ra8 13. Ne1 Ne8 $146 ({RR} 13... Nd7 14. Nd3 f5 15. f3 Nf6 16. Nf2 Re8 17. Nb5 Bf8 18. a5 c6 19. dxc6 Nxc6 20. Bg5 Kg7 21. exf5 gxf5 22. Bxf6+ Kxf6 23. Qd5 Bd7 24. Qg8 Bg7 25. Qxh7 Re6 26. Ne4+ Kf7 27. Nbxd6+ Kf8 28. Nxf5 {Mikhalevski,V (2552)-Kraus,O (2363) Jerusalem 2021 1-0}) ({RR} 13... c5 14. dxc6 Nxc6 15. Be3 Nd4 16. Nc2 Nb3 17. Rb1 Nc5 18. f3 Be6 19. Nb4 Ne8 20. Nbd5 Ra6 21. Rb4 f5 22. Qc2 fxe4 23. fxe4 Rxf1+ 24. Bxf1 Bxd5 25. cxd5 Ra5 26. Qb1 Qe7 27. Rxb6 Qc7 28. Rc6 {Rahman,S (2113)-Liyanage,P (2039) Colombo SRI 2025 1-0 (33)}) ({RR} 13... Nd7 14. Nb5 Nc5 15. f3 f5 16. Qc2 f4 17. Nd3 Nb7 18. Ra2 Na5 19. Bxa5 Rxa5 20. Nc1 Rf7 21. Nb3 Ra8 22. Rd1 Bd7 23. a5 bxa5 24. Rxa5 Rxa5 25. Nxa5 Bf8 26. c5 Bxb5 27. Bxb5 dxc5 28. Qxc5 {Anandajeyarajah,S (1707)-Hall,D (2069) Swansea 2006 ½-½ (37)}) 14. Nd3 f5 15. f3 f4 16. Nb5 g5 17. a5 c6 18. dxc6 Nxc6 19. axb6 Rxa1 20. Qxa1 Qxb6+ 21. Kh1 Rf7 22. Nb4 Nd4 23. Nd5 Qa6 24. Bd3 Nb3 25. Qb2 Nxd2 26. Ra1 Qc6 27. Qxd2 Be6 28. Qa5 Rd7 29. Bc2 Qxc4 30. Ba4 Bxd5 31. exd5 e4 32. Na3 Qc7 33. Qxc7 Rxc7 34. Re1 Ra7 35. Bxe8 Rxa3 36. fxe4 g4 37. Bh5 g3 38. hxg3 fxg3 39. Kg1 Ra2 40. Rd1 Be5 41. Kf1 Rf2+ 42. Kg1 Kg7 43. Rf1 Kh6 44. Bg4 Rb2 45. Bf5 Bd4+ 46. Kh1 Rf2 47. Rd1 Rf4 48. Re1 Be3 49. Bh3 Rxe4 50. Rd1 Bd4 51. Rf1 Bf2 52. Rd1 Kg5 53. Be6 Kf6 54. Bh3 Ke5 55. Be6 Kf4 56. Rb1 Rd4 57. Ra1 Ke3 58. Ra3+ Kd2 59. Bf5 Rh4+ 60. Bh3 Re4 61. Ra1 Rd4 62. Bg4 Kc3 63. Rc1+ Kb2 64. Rd1 Rf4 65. Be6 Bd4 66. Bh3 Kc2 67. Re1 Bc3 68. Rg1 Rf6 69. Be6 Rh6+ 70. Bh3 Rh5 71. Rf1 Rxd5 72. Bf5+ Kd2 73. Bg4 Bd4 74. Rd1+ Kc2 75. Re1 Bf2 76. Bd1+ Kc3 77. Bf3 Ra5 78. Rc1+ Kb2 79. Rd1 Ra4 80. Rd2+ Kc3 81. Rc2+ Kxc2 82. Bd1+ Kd2 83. Bxa4 d5 84. Bc2 h6 85. Be4 d4 86. Bg6 Ke1 87. Bf5 h5 88. Bg4 h4 89. Bf5 Be3 90. Bg6 Kf2 91. Bf5 Bh6 0-1

[Event "EU-Cup 24th"]
[Site "Kallithea"]
[Date "2008.10.18"]
[Round "2"]
[White "Carlsen, Magnus"]
[Black "Mastrovasilis, Dimitrios"]
[Result "1-0"]
[WhiteElo "2786"]
[BlackElo "2572"]
[PlyCount "155"]
[EventDate "2008.10.17"]
[EventType "team-swiss"]
[EventRounds "7"]
[EventCountry "GRE"]
[SourceTitle "CBM 127"]
[Source "ChessBase"]
[SourceDate "2008.11.13"]
[SourceVersion "1"]
[SourceVersionDate "2008.11.13"]
[SourceQuality "1"]
[WhiteTeam "Erevan MIKA"]
[BlackTeam "Thessaloniki ES"]
[WhiteTeamCountry "ARM"]
[BlackTeamCountry "GRE"]

1. d4 d5 2. c4 c6 3. Nc3 Nf6 4. e3 e6 5. Nf3 Nbd7 6. Qc2 Bd6 7. Be2 O-O 8. O-O e5 9. cxd5 cxd5 10. dxe5 Nxe5 11. Rd1 Qc7 12. h3 Nxf3+ 13. Bxf3 Bh2+ 14. Kh1 Be5 15. Bd2 Be6 16. Qa4 $146 ({RR} 16. Be1 Rfd8 17. Rac1 d4 18. exd4 Rxd4 19. Rxd4 {½-½ (19) Soppe,G (2440)-Toth,C (2350) Sao Paulo 1992}) ({RR} 16. Rac1 Rac8 17. Qb1 Qd7 18. Be1 Rfd8 19. Kg1 d4 20. exd4 Bxd4 21. Ne4 Nxe4 22. Rxc8 Qxc8 23. Qxe4 Bxb2 24. Rxd8+ Qxd8 25. Qxb7 Bd4 {½-½ (25) Kalantaryan,N (2381)-Kelleher,W (2387) Stratton Mountain 1999}) 16... Qb6 17. Ne2 Rfc8 18. Bc3 Bxc3 19. bxc3 Rc4 20. Qb3 Qc7 21. Rd4 Rc5 22. Rad1 Rc8 23. Kg1 b6 24. Qb1 g6 25. Qb2 Qe5 26. Qb4 Kg7 27. Qa3 Ra5 28. Ra4 Rcc5 29. Rdd4 Bd7 30. Rxa5 Rxa5 31. Qb2 Rb5 32. Rb4 Rc5 33. Qd2 Bf5 34. Nd4 Ne4 35. Qb2 Nd6 36. Be2 Bd7 37. Bd3 Kg8 38. Qd2 Qg5 39. h4 Qe5 40. Ne2 Bf5 41. Rd4 Bxd3 42. Qxd3 Ne4 43. f3 Ng3 44. Nf4 Nf5 45. Rxd5 Qxe3+ 46. Qxe3 Nxe3 47. Rxc5 bxc5 48. Nd3 c4 49. Nb2 f5 50. Kf2 f4 51. g3 Nd5 52. gxf4 Nxc3 53. a3 Nd5 54. Nxc4 Kf7 55. Kg3 Ke6 56. Kg4 Kf6 57. a4 h5+ 58. Kg3 a6 59. a5 Ke6 60. Ne5 Kf5 61. Nd3 Ne7 62. Nb4 Kf6 63. Kf2 Kf5 64. Ke3 Ke6 65. Nxa6 Kd6 66. Nb4 Kc5 67. Nc2 Nf5+ 68. Kf2 Kb5 69. Ne3 Ne7 70. f5 gxf5 71. Kg3 Kxa5 72. Kf4 Kb5 73. Nxf5 Nd5+ 74. Kg5 Kc4 75. Kxh5 Kd3 76. Kg5 Ke2 77. h5 Kxf3 78. h6 1-0

[Event "EU-Cup 24th"]
[Site "Kallithea"]
[Date "2008.10.19"]
[Round "3"]
[White "Carlsen, Magnus"]
[Black "Movsesian, Sergei"]
[Result "0-1"]
[WhiteElo "2786"]
[BlackElo "2732"]
[Annotator "Krasenkow,Michal"]
[PlyCount "152"]
[EventDate "2008.10.17"]
[EventType "team-swiss"]
[EventRounds "7"]
[EventCountry "GRE"]
[SourceTitle "CBM 127"]
[Source "ChessBase"]
[SourceDate "2008.11.13"]
[SourceVersion "1"]
[SourceVersionDate "2008.11.13"]
[SourceQuality "1"]
[WhiteTeam "Erevan MIKA"]
[BlackTeam "Sarajevo Bosna"]
[WhiteTeamCountry "ARM"]
[BlackTeamCountry "BIH"]

1. d4 d5 2. c4 c6 3. Nf3 Nf6 4. Nc3 a6 5. a4 e6 6. Bf4 {This move is rare, harmless, but quite playable, of course.} c5 {Other options seen in practice:} (6... Be7) (6... Bb4) (6... a5) (6... dxc4) 7. e3 Nc6 8. Be2 dxc4 (8... Be7 $143 9. dxc5 Bxc5 10. O-O O-O 11. cxd5 Nxd5 12. Nxd5 exd5 13. Rc1 Bd6 14. Bxd6 Qxd6 15. Qb3 Rb8 16. Qb6 $14 {1/2 Arbutina,S (2320)-Guzsvany,A (2049)/Senta 2007/CBM 119 ext (54)}) 9. Bxc4 cxd4 10. exd4 Be7 11. O-O {With a transposition of moves a well-known QGA position has arisen.} O-O 12. Re1 (12. Qd2 {is another popular option.}) 12... Nb4 (12... b6 $6 13. d5) (12... Nd5 13. Bg3 Ncb4 14. Ne5 b6 15. Nxd5 exd5 16. Bb3 Bf5 17. Qf3 Be6 18. Rac1 Rc8 19. Rc3 Bg5 20. Bf4 Qf6 21. Bxg5 Qxg5 22. Qe2 Qf4 23. Qd1 Qh6 24. h3 $14 {1-0 Sokolov,I (2690)-Simutowe,A (2442)/Tripoli 2004/CBM 102 (82)}) (12... Qb6 $5) 13. Ne5 (13. Qb3 Nc6 $1 {[%cal Rc6d4,Rc6a5]} 14. Qd1 Nb4) ({RR} 13. Qb3 Nc6 {½-½ (15) Kuzmin,G (2470)-Gelfand,B (2510) Norilsk 1987}) 13... Bd7 $146 ({RR} 13... b6 14. Qf3 Ra7 15. Rad1 Bb7 16. Qh3 Nfd5 17. Bc1 Bc8 18. Qg3 Bh4 19. Qf3 Rc7 20. Bb3 Bb7 21. Qh3 Bg5 22. Bxg5 Qxg5 23. Ne4 Qd8 24. Qg3 Nc2 25. Re2 Nxd4 26. Rxd4 Rc1+ 27. Bd1 Nf4 28. Nf6+ {Ngo,B (2060)-Peng,D (2287) ICC INT 2020 0-1 (82)}) ({RR} 13... Nbd5 14. Bg5 Qc7 15. Bxd5 Nxd5 16. Nxd5 exd5 17. Bxe7 Qxe7 18. Ng6 Qxe1+ 19. Qxe1 hxg6 20. Rc1 Be6 21. h3 Rfc8 22. Rxc8+ Rxc8 23. Qb4 Rc4 24. Qxb7 Rxa4 25. b4 Kh7 26. g4 Ra1+ 27. Kg2 Rb1 28. f3 {Mujumdar,S (2029)-Munoz Ramos,C (2133) chess.com INT 2025 1-0 (97)}) ({RR} 13... b6 14. Bg3 Kh8 15. Qd2 Bb7 16. Rad1 Nfd5 17. f4 Rc8 18. Bb3 g6 19. Ne4 f6 20. f5 gxf5 21. Ng6+ Kg7 22. Nxe7 Qxe7 23. Nd6 Qd7 24. Nxb7 Qxb7 25. Bd6 a5 26. Bxf8+ Rxf8 27. Rxe6 f4 28. Rde1 {Jubin,J (2193)-Eraschenkov,D (2370) Chennai 2020 1-0 (40)}) 14. d5 {Leads to simplifications.} (14. Re3 $5 Rc8 15. Rg3 Re8 16. h4 Bc6 17. h5 Bf8 18. Bh6 Be4 19. Be2 (19. Bg5 $5 Bf5 20. Qe2) 19... Nc2 20. Bg5 Bf5 21. Ng4 Bxg4 22. Qxc2 Bxe2 23. Qxe2 Be7 $2 (23... Bd6 $1) 24. h6 g6 25. Qe5 Rf8 26. Re1 Ne8 27. Bxe7 Qxe7 28. d5 $16 {1-0 Epishin,V (2599)-Velicka,P (2445)/Werther 2002/CBM 087 ext (32)}) 14... exd5 15. Nxd5 Nbxd5 16. Bxd5 Bg4 $1 17. Nxg4 (17. Bxf7+ Rxf7 18. Nxg4 Qxd1 19. Nxf6+ Bxf6 20. Raxd1 Bxb2 $11) 17... Nxd5 18. Nh6+ $5 Kh8 (18... gxh6 $143 19. Bxh6 Kh8 (19... Bf6 $2 20. Qg4+ Kh8 21. Bxf8 Qxf8 22. Qf3 $18) (19... Nf6 20. Qf3 Ne8 21. Qxb7 $16) 20. Bxf8 Bxf8 21. Qb3 {[%cal Ra1d1]} Nf6 22. Qxf7 $16) 19. Nf5 Nxf4 20. Rxe7 g6 21. Qxd8 Raxd8 22. Ne3 $14 {[%mdl 4096] /= White's advantage in this endgame is largely symbolic but he continues fighting.} b5 23. axb5 (23. a5 $6 Nd3) 23... axb5 24. Rb7 Rb8 (24... Nd3 $5 25. Rxb5 $140 Rb8) 25. Rd7 Kg7 (25... Rbd8 $5 26. Rad1 Rxd7 27. Rxd7 Rc8 28. h4 Kg7 29. Kh2 Ne6 30. Rd5 Rc5 $11) 26. g3 Ne6 27. Raa7 h5 28. h4 Rbd8 29. Rdb7 Nd4 30. Kg2 Rb8 31. Nd5 Nc6 32. Rxb8 Rxb8 33. Rc7 Nd4 34. Rd7 Ne6 35. Nc3 Nc5 36. Rd5 Na4 37. Nd1 Kf6 38. Kf3 Ke6 39. Ke4 f5+ 40. Kd4 Rc8 41. Re5+ Kf6 42. Ne3 b4 43. Nd5+ Kf7 44. Re7+ Kf8 45. Rb7 Nxb2 46. Rxb4 {The draw is not yet guaranteed as Black needs to consolidate his position.} Nd1 47. f3 Rd8 48. Ke5 Nf2 49. Rb3 Kg7 50. Nf4 Re8+ 51. Kd4 (51. Ne6+ Kf7 52. Rb7+ Re7 $11) 51... Re7 52. Rb6 {Looks formidable but...} Rd7+ 53. Kc4 Kh7 $1 54. Ne6 (54. Rxg6 Nh3 55. Rf6 Nxf4 56. gxf4 Rd1 57. Rxf5 Kh6 $11 {[%cal Rd1h1]}) (54. Nxg6 Rg7 55. Nf8+ Kg8 56. Ne6 Rxg3 {and Black should not lose.}) 54... Kh6 55. Nf8 Rg7 56. Kd4 Nh1 57. Ke5 Nxg3 {White has given up a pawn but continues pushing for a win!} 58. Ne6 Rg8 $2 (58... Ra7 $11) 59. Kf6 $2 {Missing an excellent chance:} (59. Ng5 $1 Re8+ (59... f4 60. Rb7 Rg7 $4 61. Rb8 Re7+ 62. Kf6 $18) 60. Kf6 Rf8+ 61. Ke6 $1 f4 (61... Re8+ $2 62. Kf7 $18) (61... Kg7 62. Rb7+ Kh8 (62... Kg8 63. Nh7 Re8+ 64. Kf6) 63. Nh7 $1 Re8+ 64. Kd5 {[%cal Rh7f6]} Rd8+ 65. Ke5 Re8+ (65... Kg8 66. Nf6+ Kf8 67. Ke6) 66. Kf4 Ne2+ 67. Kg5 $18) 62. Rb7 Re8+ 63. Kd5 Rd8+ 64. Kc4 Rc8+ 65. Kb3 Rh8 66. Nf7+ Kg7 67. Nxh8+ Kxh8 68. Rb4 {and White should win this ending.}) 59... f4 $1 {Bringing the knight to defense.} 60. Ng5 Nf5 61. Nf7+ Kh7 62. Ng5+ Kh6 63. Rb7 Rf8+ 64. Nf7+ Kh7 65. Kg5 Ng7 66. Nd6 Rd8 67. Ne4 Rd5+ 68. Kf6 (68. Kxf4 $11) 68... Rf5+ 69. Ke7 Ra5 70. Kf7 Nf5 71. Nf6+ Kh6 72. Ng8+ Kh7 73. Nf6+ Kh6 74. Ng8+ Kh7 75. Kf8+ $4 {[%mdl 8192] Overconfidence is sometimes self-killing!} (75. Nf6+ $11) 75... Kh8 76. Nf6 $2 {A blunder but White is already lost:} (76. Rb8 Ra7 $19) 76... Ra8+ {with decisive material gains.} 0-1